CW Arrowverse- Villains Killing Villains - Statistics

General Stats
  • This quiz has been taken 56 times
    47 since last reset
  • The average score is 3 of 83
Answer Stats
Killer Victim % Correct
Mallus Damien Darhk
57%
Gen. Thomas 'Tommy' Merlyn/Prometheus Gen. Thomas 'Tommy' Merlyn/Prometheus
37%
Dr. Caitlin Raymond (neé Snow)/Killer Frost Hunter Zolomon/Jason 'Jay' Garrick/Zoom/Black Flash
23%
Mallus Eleanor 'Nora' Darhk (undone by Time Travel)
17%
Alonso 'Lonnie' Machin/Anarky Ruvé Darhk (neé Adams)
17%
Michael 'Mick' Rory/Heat Wave/Chronos Hath-Set/Vandal Savage/Dr. Curtis Knox/Sasha Mahnovski
13%
Leonard Snart/Cpt. Cold Leonard Snart/Cpt. Cold
13%
Dir. Amanda Waller/Mockingbird Marcus 'Mark' Scheffer/Shrapnel
13%
Leonard Snart/Cpt. Cold Michael 'Mick' Rory/Heat Wave/Chronos
13%
Simon Morrison/Adrian Chase/Prometheus Simon Morrison/Adrian Chase/Prometheus
13%
Simon Morrison/Adrian Chase/Prometheus Tobias Church/Charon
13%
Hunter Zolomon/Jason 'Jay' Garrick/Zoom/Black Flash Caitlin Raymond (neé Snow)/Killer Frost
10%
Lt. Joyner Dir. Amanda Waller/Mockingbird
10%
Det. Bartholomew H. 'Barry' Allen/The Flash/Savitar Edward Clariss/The Rival
10%
Nyssa Raatko/Nyssa Al Ghul Isabella 'Isabel' Rochev/Ravager
10%
Isabella 'Isabel' Rochev/Ravager Mayor Sebastian Blood/Brother Blood
10%
Maseo Yamashiro/Sarab Gen. Matthew Shrieve
7%
Helena Bertinelli/The Huntress Nicholas 'Nick' Salvati
7%
Leonard Snart/Cpt. Cold Ofc. Lewis Snart
7%
Agt. Slade Wilson/Deathstroke Agt. William 'Billy' Wintergreen
3%
Ethan Knox Ethan Knox
3%
Hunter Zolomon/Jason 'Jay' Garrick/Zoom/Black Flash Francisco Ramon/Reverb
3%
Benjamin 'Ben' Turner/Bronze Tiger Gholem Qadir
3%
Leonard Snart/Cpt. Cold Jacob 'Jake' Simmons/Deathbolt
3%
Helena Bertinelli/The Huntress Paul Copani
3%
Hunter Zolomon/Jason 'Jay' Garrick/Zoom/Black Flash Prof. Martin Stein/Deathstorm
3%
Hunter Zolomon/Jason 'Jay' Garrick/Zoom/Black Flash Ronald 'Ronnie' Raymond/Deathstorm
3%
Valentina Vostok/Soviet Firestorm Valentina Vostok/Soviet Firestorm
3%
Caleb Green Abel
0%
Damien Darhk Alvarez
0%
Joseph Falk/The Savior Anthony DiSanto
0%
Helena Bertinelli/The Huntress Anthony 'Tony' D'urso
0%
Farooq Gibran/Blackout Anthony 'Tony' Woodward/Girder
0%
Kyle Nimbus/Mist Araz Darbinyan
0%
Cyrus Vanch Atty. George Wolfman
0%
Leonard Snart/Cpt. Cold Basil Nurblin
0%
Khem-Adam Benjamin 'Ben' Turner/Bronze Tiger
0%
Valentina Vostok/Soviet Firestorm Boris
0%
Michael 'Mick' Rory/Heat Wave/Chronos Carmine Broome
0%
Winnick Norton/The Dodger Casper 'Cass' Derenick
0%
CEO Arthur King/Malcolm Merlyn/Dark Archer CEO Adam Hunt
0%
Lillian Luthor Chet Miner
0%
Damien Darhk Cooper Seldon
0%
Gov. Konstantin Kovar Cpt. Viktor
0%
Hunter Zolomon/Jason 'Jay' Garrick/Zoom/Black Flash Dante Ramon/Rupture
0%
Ofc. Lewis Snart David Rutenberg
0%
William Tockman/Clock King Edward 'Eddie' Walcazk
0%
Mr. Blank Edward Rasmus
0%
CEO Arthur King/Malcolm Merlyn/Dark Archer Francis 'Frank' Chen
0%
Ricardo Diaz/The Dragon Gerald 'Jerry' Bertinelli
0%
Ofc. Carrianne 'Carrie' Cutter/Cupid Isaac Stanzler
0%
Floyd Lawton/Deadshot James Holder
0%
Danton Black/Multiplex Java
0%
Jonathan 'John' Corben/Metallo Jonathan 'John' Corben/Metallo
0%
Joseph Falk/The Savior Jonathan 'John' Nickel
0%
Daniel 'Danny' Brickwell/Brick Jose Anton
0%
The Pilgrim Kaylex Druzan
0%
CEO Arthur King/Malcolm Merlyn/Dark Archer Kendric Waller
0%
Floyd Lawton/Deadshot Kenneth 'Ken' Shane
0%
Ofc. Carrianne 'Carrie' Cutter/Cupid Kirby Bates
0%
Mallus Kuasa Jiwe (undone by Time Travel)
0%
Samantha 'Sam' Arias/Reign Leslie Willis/Livewire
0%
Dr. Caitlin Raymond (neé Snow)/Killer Frost Maj. Song/Black Star
0%
Dr. Caitlin Raymond (neé Snow)/Killer Frost Metallo
0%
Michael 'Mick' Rory/Heat Wave/Chronos Metallo
0%
Damien Darhk Milo Armitage
0%
Damien Darhk Mina Fayad
0%
CEO Arthur King/Malcolm Merlyn/Dark Archer Nelson Ravich
0%
Valentina Vostok/Soviet Firestorm Ofc. Mikhail Arkadin
0%
Hath-Set/Vandal Savage/Dr. Curtis Knox/Sasha Mahnovski Per Degaton
0%
Damien Darhk Phaedra Nixon
0%
Kyle Nimbus/Mist Raffi Darbinyan
0%
Nahash/Vincente/Stanley Gibson/The Tempter/The Trickster/The Original Serpent Stanley Gibson
0%
Agt. Slade Wilson/Deathstroke The Butcher
0%
Prof. Anthony Ivo The Captain
0%
Leonard Snart/Cpt. Cold The Pilgrim
0%
Michael 'Mick' Rory/Heat Wave/Chronos The Pilgrim
0%
Michael 'Mick' Rory/Heat Wave/Chronos Time Master Declan
0%
Leonard Snart/Cpt. Cold Time Master Zaman Druce
0%
Floyd Lawton/Deadshot Wasemin Soze
0%
William Green William Green
0%
Mayor Sebastian Blood/Brother Blood Xavier Reed/The Mayor
0%
Helena Bertinelli/The Huntress Zhishan
0%
No matching quizzes found
Score Distribution
Percent of People with Each Score
Percentile by Number Answered
Your Score History
You have not taken this quiz since the last reset